Guess The Footballer! (Soccer Player) - Statistics

General Stats
  • This quiz has been taken 409 times
  • The average score is 7 of 12
Answer Stats
Question Answer % Correct
I'm named after a world class Argentinian despite being born in Brazil. One of my club presidents called me, "The New Kaka." In 2015, L'Equipe named me the most hated footballer in the world. I've played for Albacete, Celta, Valladolid, Atletico Madrid and Chelsea. Who am I? Diego Costa
78%
I've played in the Champions League final two times in a row. I've spent over 10 years at Bayern Munchen, making over 270 appearances. I now play for another club in Italy. Who am I? Franck Ribery
78%
I'm a goalkeeper. I've won the Champions League! (For the other team). I've played for SG Mettenberg, SSV ULM 1846, Stuttgart, Manchester City and Liverpool before moving to Turkey. I should've been Germany's starting keeper in the World Cup 2018. Who am I? Loris Karius
70%
I've been in the FA cup final. I've played for Crystal Palace. The team I used to manage came 15th in a season. I've managed West Ham, Newcastle, Crystal Palace and Eredivisie side ADO Den Haag. Who am I? Alan Pardew
67%
I'm a Bosnian midfielder. I'm fluent in 5 languages. I've won the league title 3 times. I'm good. Who am I? Miralem Pjanić
67%
I was an unused substitute in the 2008 UEFA Cup final. My father was a pro footballer and my brother is a goalkeeper in Scotland. Sir Alex Ferguson once said, "Your corners are worth 10 million pounds!" I've scored from the halfway line. Who am I? Charlie Adam
63%
I'm an attacking midfielder born in 1993. Since leaving Chelsea, I've spent over 7 years in the Bundesliga. I was part of a country's starting XI in the 2018 World Cup. My brother is WAY better than me. Who am I? Thorgan Hazard
63%
I was born near the sea. A lot of clubs were interested in me after the Euro 2016. I look good topless. I scored a winning goal against Spain in Euro 2016. I'm midfielder at Bayern Munchen. Who am I? Ivan Perišić
52%
I was in Italy's Euro 2016 starting XI. I missed a penalty against Germany, but not the decisive one. I've played for Lecce, Parma, Feyenoord, Southampton and Shandong Luneng. Who am I? Graziano Pelle
44%
I was born in 1992. I scored my first World Cup goal in 2018 against Panama. I currently play for Manchester United. Who am I? Jesse Lingard
41%
I am 27 years old. I play in the Premier League. I scored my first ever international goal at the 2018 World Cup. Who am I? Harry Maguire
26%
I won an Olympic gold medal in 2016 and a Copa America in 2019. Me and Neymar have matching tattoos. I HATE being sent off!!!!! Who am I? Gabriel Jesus
22%
No matching quizzes found
Score Distribution
Percent of People with Each Score
Percentile by Number Answered
Your Score History
You have not taken this quiz